00188nam a2200085 4500082000800000100001400008245004000022260002800062300001200090 aMIC aMicrosoft aMicrosoft Excel Function and Macros aUSA:bMicrosoft,c1993. a317p. ;